[Event "CHN Team (Women)"]
[Site "Beijing"]
[Date "2017.06.09"]
[Round "4.4"]
[White "Zhu, Jiner"]
[Black "Yu, Ting"]
[Result "1-0"]
[WhiteElo "2176"]
[BlackElo "2184"]
[PlyCount "87"]
[EventDate "2017.06.06"]
[EventType "team-swiss"]
[EventRounds "9"]
[EventCountry "CHN"]
[SourceTitle "CBM 178 Extra"]
[Source "ChessBase"]
[SourceDate "2017.06.22"]
[SourceVersion "1"]
[SourceVersionDate "2017.06.22"]
[SourceQuality "1"]
[WhiteTeam "Zhejiang (W)"]
[BlackTeam "Hangzhou (W)"]
[WhiteTeamCountry "CHN"]
[BlackTeamCountry "CHN"]

1. e4 d6 2. d4 Nf6 3. Nc3 g6 4. Nf3 Bg7 5. Be2 0-0 6. 0-0 c6 7. a4 a5 8. h3 Na6 9. Be3 Nb4 10. Nd2 d5 11. e5 Ne8 12. f4 f6 13. Nf3 Nc7 14. Qd2 Bf5 15. Rac1 Qd7 16. Nh4 e6 17. Bf3 fxe5 18. fxe5 c5 19. g4 cxd4 20. Bxd4 Be4 21. Bc5 Rfd8 22. Bxe4 dxe4 23. Qf2 Nbd5 24. Nxe4 Bxe5 25. Rcd1 Qg7 26. Ng5 Nf4 27. Rxd8+ Rxd8 28. Ng2 Ncd5 29. c4 h6 30. cxd5 hxg5 31. Nxf4 Bxf4 32. dxe6 b6 33. e7 Rc8 34. Ba3 Qf6 35. Re1 Kf7 36. Qg2 Qd4+ 37. Kh1 Ke8 38. Qb7 Qd7 39. Qxd7+ Kxd7 40. b3 Ke8 41. Re6 Bc1 42. Rf6 Bxa3 43. Rf8+ Kxe7 44. Rxc8 1-0

[Event "CHN Team (Women)"]
[Site "Beijing"]
[Date "2017.06.07"]
[Round "2.1"]
[White "Yu, Ting"]
[Black "Wang, Jue"]
[Result "0-1"]
[WhiteElo "2184"]
[BlackElo "2367"]
[PlyCount "132"]
[EventDate "2017.06.06"]
[EventType "team-swiss"]
[EventRounds "9"]
[EventCountry "CHN"]
[SourceTitle "CBM 178 Extra"]
[Source "ChessBase"]
[SourceDate "2017.06.22"]
[SourceVersion "1"]
[SourceVersionDate "2017.06.22"]
[SourceQuality "1"]
[WhiteTeam "Hangzhou (W)"]
[BlackTeam "Beijing (W)"]
[WhiteTeamCountry "CHN"]
[BlackTeamCountry "CHN"]

1. e4 c5 2. Nf3 d6 3. d4 cxd4 4. Nxd4 Nf6 5. Nc3 a6 6. Bc4 e6 7. Bb3 b5 8. 0-0 Be7 9. Qf3 Qc7 10. Qg3 0-0 11. Bh6 Ne8 12. Rad1 Bd7 13. a3 Nc6 14. Nxc6 Bxc6 15. f4 Kh8 16. Bg5 a5 17. f5 b4 18. axb4 axb4 19. Ne2 Nf6 20. Qh4 Bb5 21. Nf4 Bxf1 22. Rxf1 exf5 23. Nh5 Nxh5 24. Bxe7 Rfe8 25. Bg5 g6 26. exf5 Qc5+ 27. Qf2 Qxf2+ 28. Kxf2 Kg7 29. fxg6 fxg6 30. Rd1 Ra6 31. Be3 Rf8+ 32. Kg1 Re8 33. Kf2 Nf6 34. Bd4 Kh6 35. Bc4 Rc6 36. b3 d5 37. Bd3 Ne4+ 38. Kg1 Nc3 39. Bxc3 Rxc3 40. Ra1 Re3 41. Ra5 Rxb3 42. cxb3 Rxd3 43. Rb5 Rxb3 44. Rxd5 Rc3 45. Rb5 b3 46. h4 Kg7 47. Kh2 h5 48. Rb6 Kf7 49. Rd6 Rc4 50. Rb6 Rc3 51. Rd6 b2 52. Rb6 Rc2 53. Kh3 Ke7 54. g4 Kd7 55. gxh5 gxh5 56. Kg3 Kc7 57. Rb3 Kd6 58. Kf4 Rg2 59. Kf3 Rh2 60. Kg3 Rd2 61. Kf4 Kd5 62. Kg5 Kc4 63. Rxb2 Rxb2 64. Kxh5 Kd5 65. Kg6 Ke6 66. h5 Rg2+ 0-1

[Event "Isthmia op-A 2nd"]
[Site "Korinthos"]
[Date "2012.08.25"]
[Round "9"]
[White "Mastrovasilis, Athanasios"]
[Black "Yu, Ting"]
[Result "1-0"]
[WhiteElo "2539"]
[BlackElo "2178"]
[PlyCount "83"]
[EventDate "2012.08.18"]
[EventType "swiss"]
[EventRounds "9"]
[EventCountry "GRE"]
[SourceTitle "CBM 150 Extra"]
[Source "ChessBase"]
[SourceDate "2012.10.19"]
[SourceVersion "1"]
[SourceVersionDate "2012.10.19"]
[SourceQuality "1"]

1. c4 c5 2. g3 Nf6 3. Bg2 g6 4. Nc3 Bg7 5. Rb1 Nc6 6. a3 0-0 7. d3 Rb8 8. Bd2 a6 9. b4 cxb4 10. axb4 b5 11. c5 a5 12. Na2 Bb7 13. bxa5 Nxa5 14. Nf3 Bd5 15. Nb4 Bb7 16. 0-0 Nc6 17. e4 Nxb4 18. Bxb4 Bc6 19. Re1 Qc7 20. Qc2 Qb7 21. Nd2 Ne8 22. Nb3 e5 23. Na5 Qc8 24. Bh3 f5 25. exf5 gxf5 26. d4 Nc7 27. Bxf5 Rxf5 28. Qxf5 Ne6 29. Nxc6 Qxc6 30. Qe4 Nxd4 31. Qxc6 dxc6 32. Kg2 Nc2 33. Rec1 Nxb4 34. Rxb4 Rd8 35. Ra1 Bf8 36. Ra7 Bxc5 37. Rg4+ Kh8 38. Rc7 b4 39. Rc4 Bf8 40. R4xc6 Kg8 41. Rb7 Bd6 42. Kf3 1-0

[Event "World University-ch (Women) 7th"]
[Site "Ulaanbaatar"]
[Date "2002.09.15"]
[Round "5"]
[White "Batceceg, Tuvshintogs"]
[Black "Yu, Ting"]
[Result "1/2-1/2"]
[WhiteElo "2188"]
[BlackElo "2220"]
[PlyCount "103"]
[EventDate "2002.09.11"]
[EventType "swiss"]
[EventRounds "9"]
[EventCountry "MGL"]
[SourceTitle "CBM 090 Extra"]
[Source "ChessBase"]
[SourceDate "2002.11.07"]
[SourceVersion "1"]
[SourceVersionDate "2002.11.07"]
[SourceQuality "1"]

1. d4 Nf6 2. Nf3 g6 3. c4 Bg7 4. g3 d6 5. Bg2 0-0 6. 0-0 Na6 7. Nc3 c5 8. d5 Nc7 9. e4 e5 10. Ne1 Rb8 11. a4 b6 12. Nd3 a6 13. f4 exf4 14. Bxf4 Nh5 15. Be3 b5 16. axb5 axb5 17. Nxb5 Nxb5 18. cxb5 Rxb5 19. Qc1 Qb6 20. Ra3 Ra5 21. Rxa5 Qxa5 22. Bd2 Qb5 23. Nf4 Bxb2 24. Qc2 Nxf4 25. Bxf4 Bd4+ 26. Kh1 Qd7 27. Rb1 f6 28. Qa2 Be5 29. Be3 Qc7 30. Bd2 Bd7 31. Bf1 Rb8 32. Bc4 Kf7 33. Kg2 Rxb1 34. Qxb1 Qa7 35. h3 Qa3 36. Qd3 Qxd3 37. Bxd3 f5 38. exf5 Bxf5 39. Bc4 Be4+ 40. Kf2 Kf6 41. h4 Ke7 42. g4 h5 43. g5 Bf5 44. Ba5 Kd7 45. Bd2 Kc7 46. Be1 Kb6 47. Bd2 Bb2 48. Bf4 Bd4+ 49. Kg2 Be5 50. Bd2 Be4+ 51. Kh3 Bf5+ 52. Kg2 1/2-1/2

[Event "Asia-ch (Women) 09th"]
[Site "Chennai"]
[Date "2001.09.11"]
[Round "10"]
[White "Yu, Ting"]
[Black "Mohota, Nisha"]
[Result "0-1"]
[WhiteElo "2256"]
[BlackElo "2236"]
[PlyCount "72"]
[EventDate "2001.09.03"]
[EventType "swiss"]
[EventRounds "11"]
[EventCountry "IND"]
[SourceTitle "CBM 084 Extra"]
[Source "ChessBase"]
[SourceDate "2001.10.26"]
[SourceVersion "1"]
[SourceVersionDate "2001.10.26"]
[SourceQuality "1"]

1. e4 c5 2. Nf3 d6 3. d4 cxd4 4. Nxd4 Nf6 5. Nc3 a6 6. Bc4 e6 7. Bb3 b5 8. 0-0 Be7 9. Qf3 Qc7 10. Qg3 Nc6 11. Nxc6 Qxc6 12. f3 0-0 13. Bh6 Ne8 14. Kh1 Kh8 15. Bg5 Bxg5 16. Qxg5 Nf6 17. Rfd1 Bb7 18. Rd4 Qc5 19. Qd2 Rfd8 20. Rd1 Ne8 21. f4 Rdc8 22. Qe2 Rc7 23. a3 Rac8 24. f5 exf5 25. Nd5 Bxd5 26. Rxd5 Qa7 27. exf5 Re7 28. Qd2 Re4 29. Rf1 Qe7 30. Kg1 Rc5 31. f6 gxf6 32. h3 Re2 33. Qd3 Nc7 34. Rxd6 Rg5 35. Rf2 Re1+ 36. Kh2 Qe5+ 0-1

[Event "Hebei zt 3.3 (Women)"]
[Site "Hebei"]
[Date "2001.04.26"]
[Round "10"]
[White "Yu, Ting"]
[Black "Ruan, Lufei"]
[Result "1-0"]
[WhiteElo "2175"]
[BlackElo "2199"]
[PlyCount "105"]
[EventDate "2001.04.16"]
[EventType "tourn"]
[EventRounds "13"]
[EventCountry "CHN"]
[EventCategory "3"]
[SourceTitle "EXT 2002"]
[Source "ChessBase"]
[SourceDate "2001.11.25"]
[SourceVersion "1"]
[SourceVersionDate "2001.11.25"]
[SourceQuality "1"]

1. e4 e5 2. Nf3 Nc6 3. Nc3 Nf6 4. g3 Bc5 5. Bg2 d6 6. d3 a6 7. 0-0 0-0 8. h3 h6 9. Be3 Bxe3 10. fxe3 Bd7 11. Kh2 Ne7 12. Nh4 c6 13. d4 Qc7 14. Qd2 Rad8 15. Rf2 Nh7 16. Raf1 Ng5 17. Nf5 Nxf5 18. exf5 f6 19. h4 Nf7 20. d5 c5 21. Ne4 Rb8 22. Rg1 Rfc8 23. g4 Kf8 24. Bh3 Ke7 25. Rg3 Rh8 26. g5 hxg5 27. hxg5 Rh4 28. gxf6+ gxf6 29. Nxf6 Kxf6 30. Rg6+ Ke7 31. f6+ Kf8 32. Rfg2 Rxh3+ 33. Kg1 Bg4 34. R6xg4 Rh8 35. Qf2 Qd7 36. e4 Rd8 37. Qg3 Nh6 38. Rg7 Qe8 39. Re7 Qxe7 40. fxe7+ Kxe7 41. Qh3 Nf7 42. Qe6+ Kf8 43. Rf2 Rh7 44. a4 b5 45. a5 Rg7+ 46. Kf1 Rh7 47. Ke2 Rg7 48. Rh2 c4 49. Qf6 Kg8 50. Qe7 Rf8 51. Qh4 Re8 52. Rf2 Rf8 53. Qh3 1-0

[Event "Hebei zt 3.3 (Women)"]
[Site "Hebei"]
[Date "2001.04.17"]
[Round "2"]
[White "Yu, Ting"]
[Black "Wang, Pin"]
[Result "0-1"]
[WhiteElo "2175"]
[BlackElo "2504"]
[PlyCount "56"]
[EventDate "2001.04.16"]
[EventType "tourn"]
[EventRounds "13"]
[EventCountry "CHN"]
[EventCategory "3"]
[SourceTitle "EXT 2002"]
[Source "ChessBase"]
[SourceDate "2001.11.25"]
[SourceVersion "1"]
[SourceVersionDate "2001.11.25"]
[SourceQuality "1"]

1. e4 c5 2. Nf3 d6 3. d4 cxd4 4. Nxd4 Nf6 5. Nc3 a6 6. Bc4 e6 7. Bb3 Nbd7 8. f4 Nc5 9. e5 dxe5 10. fxe5 Nfd7 11. Bf4 b5 12. Qe2 Bb7 13. 0-0-0 Qb6 14. Rhf1 Be7 15. Qg4 g6 16. Bh6 Nxe5 17. Qf4 f6 18. Bg7 0-0-0 19. Bxh8 Rxh8 20. g3 h5 21. Kb1 Ng4 22. Nf3 Nxb3 23. cxb3 e5 24. Qd2 Kb8 25. Rde1 Rd8 26. Qe2 Bc5 27. Nd1 e4 28. Nh4 e3 0-1

[Event "Hebei zt 3.3 (Women)"]
[Site "Hebei"]
[Date "2001.04.16"]
[Round "1"]
[White "Zhao, Xue"]
[Black "Yu, Ting"]
[Result "0-1"]
[WhiteElo "2428"]
[BlackElo "2175"]
[PlyCount "97"]
[EventDate "2001.04.16"]
[EventType "tourn"]
[EventRounds "13"]
[EventCountry "CHN"]
[EventCategory "3"]
[SourceTitle "EXT 2002"]
[Source "ChessBase"]
[SourceDate "2001.11.25"]
[SourceVersion "1"]
[SourceVersionDate "2001.11.25"]
[SourceQuality "1"]

1. e4 c5 2. Nf3 d6 3. d4 cxd4 4. Qxd4 Nc6 5. Bb5 Bd7 6. Bxc6 Bxc6 7. Nc3 Nf6 8. Bg5 e6 9. 0-0-0 Be7 10. Rhe1 0-0 11. Kb1 Qc7 12. Qd3 a6 13. Nd4 Rfd8 14. f4 h6 15. Bh4 Nxe4 16. Bxe7 Nxc3+ 17. Qxc3 Qxe7 18. Nxc6 bxc6 19. Qxc6 Qd7 20. Qxd7 Rxd7 21. Rd4 Kf8 22. Re3 Rc8 23. Ra3 Rdc7 24. c3 Rc6 25. Rda4 Ra8 26. Rb4 e5 27. Kc2 Re8 28. Kd3 f5 29. Ra5 g6 30. Rba4 e4+ 31. Kc2 e3 32. Kd1 Rb8 33. Rb4 Rxb4 34. cxb4 Rc4 35. g3 Rxb4 36. b3 Re4 37. Ke2 Ke7 38. Rxa6 d5 39. Rc6 d4 40. Rc1 g5 41. Rf1 Ke6 42. Kd3 gxf4 43. gxf4 Kd5 44. a4 Re8 45. Rc1 Rb8 46. Rb1 Rc8 47. b4 Rc3+ 48. Ke2 Ke4 49. b5 0-1

[Event "CHN-chT (Women)"]
[Site "Suzhou"]
[Date "2001.04.04"]
[Round "9"]
[White "Zhu, Chen"]
[Black "Yu, Ting"]
[Result "1/2-1/2"]
[WhiteElo "2538"]
[BlackElo "2177"]
[PlyCount "113"]
[EventDate "2001.03.02"]
[EventType "team"]
[EventRounds "10"]
[EventCountry "CHN"]
[SourceTitle "EXT 2002"]
[Source "ChessBase"]
[SourceDate "2001.11.25"]
[SourceVersion "1"]
[SourceVersionDate "2001.11.25"]
[SourceQuality "1"]

1. d4 Nf6 2. c4 e6 3. Nf3 d5 4. Nc3 Be7 5. Bg5 h6 6. Bh4 0-0 7. e3 Nbd7 8. Rc1 dxc4 9. Bxc4 b6 10. 0-0 Bb7 11. Qe2 Ne4 12. Bg3 Nxg3 13. hxg3 Bb4 14. Bb5 a6 15. Bxd7 Qxd7 16. a3 Bd6 17. e4 Rfd8 18. Rfd1 Qe8 19. e5 Be7 20. Ne4 Rd7 21. Rd2 Qd8 22. Rdc2 Bg5 23. Ra1 a5 24. Rc3 Be7 25. Rac1 Bd5 26. g4 Bg5 27. R1c2 Bb7 28. Kh2 Bf4+ 29. g3 Bg5 30. Kh3 Ba6 31. Qe1 Bb7 32. Qe2 Ba6 33. Qe1 Bb7 34. Nexg5 hxg5 35. Qe3 Bxf3 36. Qxf3 Ra7 37. Rc4 Rxd4 38. Qc6 Rd1 39. Rc1 Rd5 40. Re4 Rd2 41. Rc2 Rxc2 42. Qxc2 Qd5 43. Re1 Ra8 44. Qxc7 Qd2 45. Qc6 Rf8 46. Rf1 Qxb2 47. a4 g6 48. Kg2 Qxe5 49. Rb1 Qd4 50. Rxb6 Qxg4 51. Ra6 Qb4 52. Rb6 Qd2 53. Qe4 Rc8 54. Rxe6 Qb4 55. Rxg6+ fxg6 56. Qxg6+ Kf8 57. Qf5+ 1/2-1/2

[Event "CHN-chT (Women)"]
[Site "Suzhou"]
[Date "2001.04.02"]
[Round "7"]
[White "Yu, Ting"]
[Black "Gong, Qianyun"]
[Result "1-0"]
[WhiteElo "2177"]
[BlackElo "2197"]
[PlyCount "63"]
[EventDate "2001.03.02"]
[EventType "team"]
[EventRounds "10"]
[EventCountry "CHN"]
[SourceTitle "EXT 2002"]
[Source "ChessBase"]
[SourceDate "2001.11.25"]
[SourceVersion "1"]
[SourceVersionDate "2001.11.25"]
[SourceQuality "1"]

1. e4 e6 2. d4 d5 3. Nc3 Bb4 4. e5 c5 5. a3 Bxc3+ 6. bxc3 Qc7 7. Qg4 Ne7 8. Qxg7 Rg8 9. Qxh7 cxd4 10. Ne2 Nbc6 11. f4 Bd7 12. Qd3 dxc3 13. Rb1 0-0-0 14. Qxc3 d4 15. Qd3 Nf5 16. Rg1 f6 17. g4 Nh4 18. exf6 e5 19. f7 Rxg4 20. Rxg4 Bxg4 21. Bh3 Qd7 22. Bxg4 Qxg4 23. Qg3 Qh5 24. Rb3 e4 25. Qg8 Qh8 26. Qxh8 Rxh8 27. Rh3 Nf3+ 28. Kf2 Rxh3 29. f8Q+ Kc7 30. Ng1 Rxh2+ 31. Kg3 Rxc2 32. Qf7+ 1-0

[Event "Wch U18 Girls"]
[Site "Oropesa del Mar"]
[Date "1999.10.25"]
[Round "2"]
[White "Sperdokli, Elli"]
[Black "Yu, Ting"]
[Result "0-1"]
[WhiteElo "2124"]
[BlackElo "2199"]
[PlyCount "104"]
[EventDate "1999.10.24"]
[EventType "swiss"]
[EventRounds "11"]
[EventCountry "ESP"]
[SourceTitle "CBM 072 Extra"]
[Source "ChessBase"]
[SourceDate "1999.11.18"]
[SourceVersion "1"]
[SourceVersionDate "1999.11.18"]
[SourceQuality "1"]

1. e4 c5 2. Nf3 d6 3. d4 cxd4 4. Nxd4 Nf6 5. Nc3 g6 6. Be3 Bg7 7. f3 Nc6 8. Qd2 0-0 9. 0-0-0 d5 10. Kb1 Nxd4 11. e5 Nf5 12. exf6 Bxf6 13. Nxd5 Qxd5 14. Qxd5 Nxe3 15. Qd2 Nxd1 16. Qxd1 Be6 17. Bd3 Rfd8 18. Qe2 Rd4 19. g4 a5 20. h4 Rb4 21. c4 Rxb2+ 22. Qxb2 Bxb2 23. Kxb2 Rd8 24. Kc3 Rd6 25. h5 Kg7 26. hxg6 hxg6 27. g5 f6 28. f4 fxg5 29. fxg5 Bf5 30. Bxf5 gxf5 31. Re1 e6 32. c5 Rc6 33. Kd4 Kg6 34. Rb1 Kxg5 35. Rxb7 e5+ 36. Kd5 Rc8 37. Re7 Kf4 38. c6 e4 39. c7 Kf3 40. Kd4 a4 41. a3 f4 42. Rxe4 Rxc7 43. Re8 Kf2 44. Rf8 f3 45. Kd3 Kg2 46. Rg8+ Kf1 47. Rf8 f2 48. Kd2 Rc5 49. Rf7 Re5 50. Rf8 Re1 51. Kc3 Kg2 52. Kb4 Re4+ 0-1